Libro de trabajo 2. Lenguaje.
Gespeichert in:
| 1. Verfasser: | |
|---|---|
| Format: | keine Angabe |
| Sprache: | Spanisch |
| Erschienen: |
Madrid
Santillana
1973
|
| Katalog: | MANES: Suchergebnis im Bibliothekskatalog |
| Schulbuchspezifische Eigenschaften: |
|
| Tags: |
Tag hinzufügen
Keine Tags, Fügen Sie den ersten Tag hinzu!
|
| Hinzugefügt zu: | 26.04.2016 |
| Geändert in: | 07.05.2025 |
MARC
| LEADER | 000000000a22000000004500 | ||
|---|---|---|---|
| 003 | OSt | ||
| 005 | 20250507133359.0 | ||
| 008 | 160427s sp ||||| |||| 00| 0 spa d | ||
| 561 | |5 es-CICE |3 FMa/L440 |a España. Centro Internacional de la Cultura Escolar |k MANES | ||
| 999 | |c 18261 |d 18261 | ||
| 040 | |c Centro_internacional de la cultura escolar |a centro_manes | ||
| 100 | 1 | |a Equipo Santillana. Autor |9 2961 | |
| 245 | 0 | 0 | |a Libro de trabajo 2. Lenguaje. |
| 260 | 3 | |a Madrid |b Santillana |c 1973 | |
| 300 | |a 144 p. |c 24x17 cm | ||
| 500 | |a Libro de trabajo para el alumno que contiene los ejercicios a resolver por el mismo. | ||
| 546 | |a España | ||
| 690 | 0 | |a LEN | |
| 691 | 0 | |a PRI | |
| 942 | |2 ddc |c BK | ||
| 999 | |c manes:18261 |d 18261 | ||